000
00231nam a2200097Ia 4500
001
766519
005
20250826165342.0
008
250824s9999 xx 000 0 und d
245
0
_a
ABŞAR
_c
HASAN SARI
260
_b
ATLIKARINCA YAYINLARI
999
_c
766519
_d
766519